000 00970nac a22002891i 4500
003 EG-ScBUE
005 20241107104427.0
008 241107s2006 gw a f b 001 0 eng d
020 _a3540256849
020 _a9783540256847
040 _aEG-ScBUE
_beng
_erda
_cEG-ScBUE
_dEG-ScBUE
082 0 4 _a519.3
_bKOR
_222
100 1 _aKorte, B. H.,
_eauthor.
245 1 0 _aCombinatorial optimization :
_btheory and algorithms /
_cBernhard Korte, Jens Vygen.
250 _aThird edition.
264 1 _aBerlin ;
_aNew York :
_bSpringer,
_c2006.
300 _axv, 597 pages :
_billustrations ;
_c24 cm.
336 _2rdacontent
_atext
_btxt
337 _aunmediated
_2rdamedia
_bn
338 _avolume
_bnc
_2rdacarrier
490 0 _aAlgorithms and combinatorics ;
_v21
504 _aIncludes bibliographical references and index.
650 7 _aCombinatorial optimization.
_2BUEsh
655 _vReading book
700 1 _aVygen, Jens,
_eauthor.
942 _cBB
_2ddc
999 _c2041
_d2041